| 000 | 01151cam a22003377i 4500 | ||
|---|---|---|---|
| 001 | 14191603 | ||
| 003 | EG-ScBUE | ||
| 005 | 20260308091027.0 | ||
| 008 | 051207t2006 gw a frb 001 0 eng d | ||
| 020 | _a3540301461 (English ed. : pbk.) | ||
| 020 | _a9783540301462 | ||
| 035 | _a(OCoLC)ocm65427543 | ||
| 040 |
_aEG-ScBUE _beng _erda _cEG-ScBUE _dEG-ScBUE |
||
| 041 | 1 |
_aeng _hger |
|
| 082 | 0 | 4 |
_a570.21 _bFLI _222 |
| 100 | 1 |
_aFlindt, Rainer, _eauthor. |
|
| 240 | 1 | 0 |
_aBiologie in Zahlen. _lEnglish |
| 245 | 1 | 0 |
_aAmazing numbers in biology / _cRainer Flindt ; translated by Neil Solomon. |
| 264 | 1 |
_aBerlin : _bSpringer-Verlag, _c[2006] |
|
| 264 | 4 | _cc2006 | |
| 300 |
_axiv, 295 pages : _billustrations ; _c24 cm |
||
| 336 |
_2rdacontent _atext _btxt |
||
| 337 |
_aunmediated _2rdamedia _bn |
||
| 338 |
_avolume _bnc _2rdacarrier |
||
| 500 | _a"Translation of the 6th German Edition of Biologie in Zahlen"--T.p. verso. | ||
| 504 | _aIncludes bibliographical references and index. | ||
| 546 | _aText in English ; translated from the original German language. | ||
| 650 | 7 |
_aBiometry. _2BUEsh |
|
| 655 | _vReading book | ||
| 942 |
_2ddc _cBB |
||
| 999 |
_c10631 _d10631 |
||